|
|
|
|
| LEADER |
00000nam a2200000 a 4500 |
| 001 |
vtls009238396 |
| 003 |
SK-MaSNL |
| 005 |
20260301081537.0 |
| 008 |
240313s1976 xo 000 0 hun |
| 020 |
|
|
|q (viaz.)
|
| 035 |
|
|
|a LVTK47079
|
| 040 |
|
|
|a SNK
|b slo
|c SNK
|e AACR2
|
| 041 |
0 |
|
|a hun
|
| 044 |
|
|
|a xo
|c SK
|
| 072 |
|
7 |
|a 821.511.1
|x Ugrofínske literatúry
|2 konspekt
|
| 080 |
|
|
|a 821.511.141-1
|2 2001
|
| 100 |
1 |
|
|a Varga, Erzsébet
|4 aut
|9 8690
|
| 245 |
1 |
0 |
|a Zöld vizek, piros kavicsok
|c Erzsébet Varga
|
| 260 |
|
|
|a Bratislava
|b Madách Könyvkiadó
|c 1976
|
| 300 |
|
|
|a 60 s.
|c 20 cm
|
| 650 |
0 |
7 |
|a maďarská literatúra
|2 LVTK
|9 1193
|
| 650 |
0 |
7 |
|a poézia
|2 LVTK
|9 1274
|
| 958 |
|
|
|a OND
|
| 999 |
|
|
|c 656155
|d 658085
|
| 952 |
|
|
|a SNK
|b SNK
|y VYP
|7 0
|p 17A1076500
|o snkSC 38428 D1
|i snkKSP 2068/76
|3 rekatalogizácia
|0 0
|1 0
|4 0
|d 2014-09-26
|l 0
|r 2026-02-23 18:37:01
|w 2026-02-23
|